| 000 | 01392nam a22002537a 4500 | ||
|---|---|---|---|
| 005 | 20190814115606.0 | ||
| 008 | 170505b pe||||| |||| 00| 0 spa d | ||
| 040 | _aUTEA | ||
| 041 | _aEs | ||
| 044 | _aPE | ||
| 082 |
_a370.15 _bO465 |
||
| 100 |
_aOlórtegui Miranda, Felipe Valdemar _eAutor |
||
| 245 |
_aProblemas de Aprendizaje _cFelipe Valdemar Olórtegui Miranda |
||
| 250 | _aa edición | ||
| 260 |
_aLima - Perú _bSan Marcos _c1998 |
||
| 300 |
_a310 páginas. _bCuadros, Figuras, Fotos.. _c14 x 20 cm. |
||
| 505 | _aProblemas del aprendizaje -- Problemas del aprendizaje de causa emocional -- Alteraciones por causas orgánicas -- Los trastornos orgánicos y el aprendizaje -- Impedidos Físicos e irregulares sociales -- El niño problema -- Las emociones -- El niño hospitalizado. | ||
| 520 | _aEste libro trata de los problemas del aprendizaje afectan a 1 de cada 10 niños en edad escolar. Son problemas que pueden ser detectados en los niños a partir de los 5 años de edad y constituyen una gran preocupación para muchos padres ya que afectan al rendimiento escolar y a las relaciones interpersonales de sus hijos. | ||
| 650 | 0 |
_aPROBLEMAS DE APRENDIZAJE _95626 |
|
| 650 | 0 |
_aCAUSAS EMOCIONALES _95701 |
|
| 650 | 0 |
_aALTERACIONES ORGÁNICAS _95702 |
|
| 653 |
_aEDUCACIÓN _a APRENDIZAJE _aCAUSAS ORGÁNICAS _aCOMPARTAMIENTO |
||
| 942 |
_2ddc _cBK _zCelinda Molina Chirinos |
||
| 999 |
_c921 _d921 |
||